[Event "XI. Solinger Karnevals-Open"]
[Site "Solingen"]
[Date "2020.02.22"]
[Round "3.24"]
[White "Vranidis, Georgios"]
[Black "Scheidtmann, Kian"]
[Result "1-0"]
[WhiteElo "1914"]
[BlackElo "1551"]
[PlyCount "113"]
[EventDate "2020.02.21"]
[EventType "swiss"]
[EventRounds "5"]
[EventCountry "GER"]
[Tiebreak "Buchholz+Sum of Buchholz"]

1. e4 c5 2. Nc3 d6 3. f4 Nc6 4. Bb5 Bd7 5. Nf3 e6 6. Bxc6 Bxc6 7. d3 Be7 8. O-O
Qb6 9. Kh1 O-O-O 10. b3 Bf6 11. Bb2 Qa5 12. Qe1 Nh6 13. e5 dxe5 14. Nxe5 Bxe5
15. Qxe5 Nf5 16. Qe1 h5 17. Ne4 Qxe1 18. Raxe1 Rd5 19. Ng5 Rd7 20. Kg1 Nd4 21.
Rf2 b6 22. a4 a5 23. Bxd4 cxd4 24. f5 exf5 25. Rxf5 Bd5 26. Nf3 Bxf3 27. Rxf3
g6 28. Rf6 Kc7 29. Ref1 Rh7 30. Kf2 g5 31. Re1 Rd6 32. Re7+ Rd7 33. Rxd7+ Kxd7
34. Rxb6 Rh8 35. Ke2 Rc8 36. Kd2 Rc5 37. Rf6 Ke7 38. Rf2 f5 39. Kc1 Kf6 40. Kb2
f4 41. b4 axb4 42. Kb3 Rc8 43. Kxb4 Re8 44. a5 Re1 45. a6 Rb1+ 46. Kc5 Ra1 47.
Kxd4 Rxa6 48. c4 Ra4 49. Kd5 Ra1 50. c5 Re1 51. d4 Ke7 52. Kc6 Re6+ 53. Kc7 h4
54. d5 Re5 55. d6+ Ke6 56. c6 Rc5 57. d7 1-0

[Event "XI. Solinger Karnevals-Open"]
[Site "Solingen"]
[Date "2020.02.22"]
[Round "3.25"]
[White "Reinhard, Ralf-Peter"]
[Black "Pickardt, Henrik"]
[Result "1/2-1/2"]
[WhiteElo "1899"]
[BlackElo "1447"]
[PlyCount "52"]
[EventDate "2020.02.21"]
[EventType "swiss"]
[EventRounds "5"]
[EventCountry "GER"]
[Tiebreak "Buchholz+Sum of Buchholz"]

1. d4 d5 2. Nf3 Nf6 3. e3 Bf5 4. c4 c6 5. Nc3 e6 6. Be2 dxc4 7. Bxc4 Bd6 8. O-O
O-O 9. Re1 Bg4 10. Be2 Nbd7 11. Nd2 Bxe2 12. Qxe2 c5 13. Nb3 cxd4 14. Nxd4 a6
15. Rd1 Qc7 16. h3 Rfd8 17. Bd2 Nb6 18. Rac1 Qe7 19. e4 Bb4 20. Nc2 Bxc3 21.
Bxc3 Rxd1+ 22. Rxd1 Rd8 23. Rxd8+ Qxd8 24. Ba5 Nfd7 25. Qe3 e5 26. Qc3 Qc8
1/2-1/2

[Event "XI. Solinger Karnevals-Open"]
[Site "Solingen"]
[Date "2020.02.22"]
[Round "3.26"]
[White "Sondermann, Dirk"]
[Black "Gülcan, Batuhan Ege"]
[Result "1-0"]
[WhiteElo "1883"]
[BlackElo "1338"]
[PlyCount "81"]
[EventDate "2020.02.21"]
[EventType "swiss"]
[EventRounds "5"]
[EventCountry "GER"]
[Tiebreak "Buchholz+Sum of Buchholz"]

1. d4 d5 2. Nf3 Nf6 3. c4 e6 4. Bg5 Be7 5. Nc3 Nbd7 6. e3 h6 7. Bh4 O-O 8. Qc2
b6 9. cxd5 exd5 10. Be2 Bb7 11. O-O Re8 12. Rac1 a6 13. Rfd1 b5 14. Nd2 Nb6 15.
Nb3 Nc4 16. Bxf6 Bxf6 17. Nc5 Bc8 18. Nxd5 Qxd5 19. Bf3 Bf5 20. Bxd5 Bxc2 21.
Rxc2 Rad8 22. Bxc4 bxc4 23. Rxc4 Rd6 24. Rdc1 Rb6 25. b3 Bg5 26. Na4 Rb7 27.
Rxc7 Rxc7 28. Rxc7 Bf6 29. Kf1 Be7 30. Rc6 a5 31. Ke2 Bb4 32. Kd3 Be1 33. Rc2
Rd8 34. f3 Kf8 35. Nb6 Rd6 36. Nc4 Rd5 37. e4 Rh5 38. h3 Rg5 39. Ne3 Bb4 40.
Nd5 Rg6 41. Rc8# 1-0

[Event "XI. Solinger Karnevals-Open"]
[Site "Solingen"]
[Date "2020.02.22"]
[Round "3.27"]
[White "Boghossian, Wahe"]
[Black "Mermertas, Uzay Sükrü"]
[Result "1-0"]
[WhiteElo "1835"]
[BlackElo "1169"]
[PlyCount "43"]
[EventDate "2020.02.21"]
[EventType "swiss"]
[EventRounds "5"]
[EventCountry "GER"]
[Tiebreak "Buchholz+Sum of Buchholz"]

1. e4 e5 2. Nf3 Nc6 3. d4 exd4 4. Bc4 Bc5 5. c3 dxc3 6. Bxf7+ Kxf7 7. Qd5+ Ke8
8. Qxc5 d6 9. Qxc3 Qf6 10. Qb3 Qe6 11. Qd3 Nf6 12. O-O b6 13. Nc3 Bb7 14. Bf4
Kf7 15. Ng5+ Ke7 16. Nxe6 Kxe6 17. Nd5 Nxd5 18. exd5+ Kd7 19. Qf5+ Kd8 20. dxc6
Bxc6 21. Bg5+ Ke8 22. Rfe1+ 1-0

[Event "XI. Solinger Karnevals-Open"]
[Site "Solingen"]
[Date "2020.02.22"]
[Round "3.28"]
[White "Germund, Marlon"]
[Black "Lux, Andreas"]
[Result "1-0"]
[WhiteElo "1404"]
[BlackElo "1776"]
[PlyCount "119"]
[EventDate "2020.02.21"]
[EventType "swiss"]
[EventRounds "5"]
[EventCountry "GER"]
[Tiebreak "Buchholz+Sum of Buchholz"]

1. e4 c5 2. Nf3 e6 3. c4 Nc6 4. d4 cxd4 5. Nxd4 Qb6 6. Nb3 Nf6 7. Bd3 Ne5 8.
O-O Qc6 9. Nd4 Qb6 10. Nb5 a6 11. Be3 Bc5 12. Bxc5 Qxc5 13. b4 Qxb4 14. Nc7+
Kd8 15. Nxa8 Qb2 16. Qb3 Nxd3 17. Qxb2 Nxb2 18. Nd2 Na4 19. Rab1 Nc3 20. Rb2
Nfxe4 21. Nxe4 Nxe4 22. Nb6 Nc5 23. Rd1 Kc7 24. Kf1 Rd8 25. Ke2 d6 26. Ke3 Bd7
27. Nxd7 Rxd7 28. h4 Kc6 29. h5 Na4 30. Rb4 b5 31. cxb5+ axb5 32. Rc1+ Nc5 33.
a4 bxa4 34. Rxa4 Kb5 35. Ra8 d5 36. Rh8 d4+ 37. Ke2 d3+ 38. Kd1 h6 39. Rb8+ Nb7
40. Kd2 e5 41. Re8 f6 42. Rc3 e4 43. Rxe4 Nc5 44. Re8 Rd5 45. Rb8+ Kc6 46. Rc8+
Kb6 47. R8xc5 Rxc5 48. Rxc5 Kxc5 49. Kxd3 Kd5 50. f4 f5 51. Ke3 Ke6 52. Kd4 Kf6
53. Kd5 g6 54. hxg6 Kxg6 55. Ke6 Kg7 56. Kxf5 Kf7 57. g4 Kg7 58. Ke6 Kf8 59.
Kf6 h5 60. gxh5 1-0

[Event "XI. Solinger Karnevals-Open"]
[Site "Solingen"]
[Date "2020.02.22"]
[Round "3.29"]
[White "Aravindan, Midhulan"]
[Black "Reinacher, Detlev"]
[Result "1-0"]
[WhiteElo "1491"]
[BlackElo "1676"]
[PlyCount "87"]
[EventDate "2020.02.21"]
[EventType "swiss"]
[EventRounds "5"]
[EventCountry "GER"]
[Tiebreak "Buchholz+Sum of Buchholz"]

1. e4 d6 2. d4 g6 3. Nc3 Bg7 4. Nf3 Nf6 5. Be2 O-O 6. O-O c6 7. h3 Qc7 8. Bf4
Nbd7 9. e5 dxe5 10. dxe5 Nh5 11. Bh2 Nxe5 12. Nxe5 Bxe5 13. Bxe5 Qxe5 14. Bxh5
Qxh5 15. Qxh5 gxh5 16. Rfe1 Be6 17. Ne4 Bd5 18. Ng3 e6 19. Nxh5 f5 20. Nf4 Rad8
21. Rad1 a5 22. b3 b5 23. f3 Kf7 24. Nd3 Rg8 25. Kf2 Rc8 26. Ne5+ Kf6 27. c4
Rg7 28. cxd5 cxd5 29. Re2 Rcg8 30. Kf1 Rc7 31. Rde1 Re8 32. g4 fxg4 33. hxg4
Ree7 34. f4 h6 35. Kf2 Rg7 36. Kf3 Rc8 37. Nd3 Re8 38. Nc5 Rge7 39. a3 Kf7 40.
Re5 Kf6 41. Rd1 Rc8 42. b4 a4 43. Rd4 Rg7 44. Rxe6+ 1-0

[Event "XI. Solinger Karnevals-Open"]
[Site "Solingen"]
[Date "2020.02.22"]
[Round "3.30"]
[White "Kissing, Bastian"]
[Black "Rades, Andreas"]
[Result "0-1"]
[WhiteElo "1778"]
[BlackElo "1509"]
[PlyCount "50"]
[EventDate "2020.02.21"]
[EventType "swiss"]
[EventRounds "5"]
[EventCountry "GER"]
[Tiebreak "Buchholz+Sum of Buchholz"]

1. e4 c6 2. d4 d5 3. Nc3 dxe4 4. Nxe4 Bf5 5. Ng3 Bg6 6. Nf3 Nd7 7. h4 h6 8. h5
Bh7 9. Bd3 Bxd3 10. Qxd3 Ngf6 11. Bf4 e6 12. O-O-O Be7 13. Kb1 O-O 14. c4 b6
15. Qe2 Re8 16. Ne5 Rc8 17. Qf3 Nb8 18. Nxc6 Rxc6 19. d5 Rxc4 20. dxe6 Qc8 21.
exf7+ Kxf7 22. Qb3 Kf8 23. Bxb8 Rb4 24. Qf3 Qxb8 25. Nf5 Qe5 0-1

[Event "XI. Solinger Karnevals-Open"]
[Site "Solingen"]
[Date "2020.02.22"]
[Round "3.31"]
[White "Rewig, Adrian"]
[Black "Meckel, Helmut"]
[Result "1-0"]
[WhiteElo "1414"]
[BlackElo "1841"]
[PlyCount "81"]
[EventDate "2020.02.21"]
[EventType "swiss"]
[EventRounds "5"]
[EventCountry "GER"]
[Tiebreak "Buchholz+Sum of Buchholz"]

1. e4 e5 2. Nf3 Nc6 3. Bb5 Nf6 4. O-O d6 5. Re1 a6 6. Ba4 b5 7. Bb3 Na5 8. c3
Nxb3 9. Qxb3 Bb7 10. d3 Be7 11. Nbd2 O-O 12. Nf1 Nd7 13. d4 Kh8 14. Ng3 exd4
15. cxd4 c5 16. d5 c4 17. Qc2 Re8 18. Bf4 f6 19. Nd4 Nc5 20. Re2 Bf8 21. f3 Bc8
22. Nc6 Qc7 23. b3 Ne6 24. Be3 cxb3 25. axb3 Bb7 26. Na5 Qxc2 27. Rxc2 Nd8 28.
Rac1 Rb8 29. Rc7 Re7 30. Rxe7 Bxe7 31. Nf5 Bf8 32. Bb6 g6 33. Nd4 Ba8 34. Ba7
Rb7 35. Nxb7 Bxb7 36. Rc7 f5 37. Rd7 fxe4 38. Rxd8 Bxd5 39. Rxf8+ Kg7 40. Rd8
exf3 41. gxf3 1-0

[Event "XI. Solinger Karnevals-Open"]
[Site "Solingen"]
[Date "2020.02.22"]
[Round "3.32"]
[White "Schneider, Ferdinand"]
[Black "Vollenberg, Jörg"]
[Result "1/2-1/2"]
[WhiteElo "1347"]
[BlackElo "1757"]
[PlyCount "26"]
[EventDate "2020.02.21"]
[EventType "swiss"]
[EventRounds "5"]
[EventCountry "GER"]
[Tiebreak "Buchholz+Sum of Buchholz"]

1. e4 b6 2. d4 Bb7 3. Nc3 e6 4. Nf3 Bb4 5. Bd3 Nf6 6. e5 Nd5 7. Bd2 Be7 8. O-O
Nc6 9. a3 h6 10. Ne2 Bg5 11. c4 Bxd2 12. Qxd2 Nde7 13. Nc3 Na5 1/2-1/2

[Event "XI. Solinger Karnevals-Open"]
[Site "Solingen"]
[Date "2020.02.22"]
[Round "3.33"]
[White "Hapka, Luca"]
[Black "Schüller, Reinhard"]
[Result "1-0"]
[WhiteElo "1674"]
[BlackElo "1406"]
[PlyCount "67"]
[EventDate "2020.02.21"]
[EventType "swiss"]
[EventRounds "5"]
[EventCountry "GER"]
[Tiebreak "Buchholz+Sum of Buchholz"]

1. e4 d5 2. exd5 Nf6 3. Nf3 Nxd5 4. d4 Bf5 5. Bd3 Bxd3 6. Qxd3 Nf4 7. Bxf4 e6
8. Nc3 Bd6 9. Bxd6 Qxd6 10. O-O Nc6 11. a3 a6 12. Rfe1 O-O-O 13. Rad1 h6 14. d5
exd5 15. Qxd5 Qg6 16. Qe4 Rxd1 17. Rxd1 f5 18. Qf4 Qf7 19. Ne5 Nxe5 20. Qxe5
Re8 21. Qd4 Qe7 22. g3 g5 23. Qa7 c6 24. Qd4 Qe6 25. Qd6 h5 26. Qxe6+ Rxe6 27.
f4 g4 28. Kf2 Kc7 29. Ne2 b5 30. b4 Kb6 31. c3 c5 32. Rd5 cxb4 33. axb4 Rf6 34.
Nd4 1-0

[Event "XI. Solinger Karnevals-Open"]
[Site "Solingen"]
[Date "2020.02.22"]
[Round "3.34"]
[White "Tanz, Manfred"]
[Black "Jorke, Roland"]
[Result "1-0"]
[WhiteElo "1610"]
[BlackElo "1388"]
[PlyCount "151"]
[EventDate "2020.02.21"]
[EventType "swiss"]
[EventRounds "5"]
[EventCountry "GER"]
[Tiebreak "Buchholz+Sum of Buchholz"]

1. d4 d5 2. Nf3 Nf6 3. e3 e6 4. a3 c5 5. c3 Qb6 6. Be2 Nc6 7. O-O Bd7 8. h3 Na5
9. Nbd2 c4 10. Ne5 Nb3 11. Nxd7 Nxd7 12. Nxb3 Qxb3 13. Qxb3 cxb3 14. Bd1 b5 15.
Bxb3 Nb6 16. Bc2 Be7 17. b3 O-O 18. Bd2 Rfc8 19. Bd3 a6 20. e4 h6 21. e5 f6 22.
f4 f5 23. g4 g6 24. gxf5 gxf5 25. Kh2 Kh7 26. Rf3 Rg8 27. Ra2 Rg7 28. Be3 Rag8
29. a4 bxa4 30. bxa4 Nc4 31. Bxc4 dxc4 32. a5 Bh4 33. Kh1 Be1 34. Rc2 Rb8 35.
Rc1 Bh4 36. Rg1 Bd8 37. Ra1 Rb2 38. Rf2 Rb5 39. Rg2 Rxa5 40. Rxg7+ Kxg7 41.
Rxa5 Bxa5 42. Bd2 Bb6 43. Kg1 Kg6 44. Kf2 Kh5 45. Kg3 Bd8 46. Kg2 a5 47. Bc1 a4
48. Ba3 Bh4 49. d5 exd5 50. e6 d4 51. cxd4 c3 52. e7 Bxe7 53. Bxe7 c2 54. Ba3
Kg6 55. Kf3 Kf6 56. Ke3 Ke6 57. Kd3 Kd5 58. Bb2 Kd6 59. Kxc2 Kd5 60. Kd3 Kc6
61. Kc4 Kd6 62. Ba3+ Ke6 63. d5+ Kd7 64. Kb5 Kc7 65. Kxa4 Kb6 66. Kb4 Kc7 67.
Kc4 Kd7 68. Bf8 h5 69. Kc5 Kc7 70. Kd4 Kd7 71. Ke5 Ke8 72. Bh6 Kd7 73. Kxf5 Kd6
74. Ke4 Ke7 75. Ke5 Kd7 76. f5 1-0

[Event "XI. Solinger Karnevals-Open"]
[Site "Solingen"]
[Date "2020.02.22"]
[Round "3.35"]
[White "Fetahovic, Sarah"]
[Black "Sebastian, Thorsten"]
[Result "0-1"]
[WhiteElo "1197"]
[BlackElo "1481"]
[PlyCount "78"]
[EventDate "2020.02.21"]
[EventType "swiss"]
[EventRounds "5"]
[EventCountry "GER"]
[Tiebreak "Buchholz+Sum of Buchholz"]

1. e4 e5 2. Nf3 Nc6 3. Nc3 g6 4. Bb5 Nge7 5. O-O a6 6. Bxc6 Nxc6 7. d4 Bg7 8.
d5 Nd4 9. Nxd4 exd4 10. Ne2 c5 11. c3 dxc3 12. Nxc3 d6 13. Re1 O-O 14. Bf4 Re8
15. Qd2 b5 16. f3 Qb6 17. a4 Bd7 18. a5 Qc7 19. Ne2 b4 20. Rec1 Bb5 21. Bh6
Bxh6 22. Qxh6 Bxe2 23. Re1 Bb5 24. f4 f6 25. g4 Qg7 26. Qh3 Bd7 27. Kh1 h5 28.
f5 hxg4 29. Qxg4 gxf5 30. Qh5 Qh7 31. Rg1+ Kh8 32. Qf3 Rg8 33. Rgf1 Rg5 34. Qe3
Rag8 35. Rf3 Rh5 36. Rg3 Rxh2+ 37. Kg1 Rh1+ 38. Kf2 Qh2+ 39. Rg2 Qxg2# 0-1

[Event "XI. Solinger Karnevals-Open"]
[Site "Solingen"]
[Date "2020.02.22"]
[Round "3.36"]
[White "Tong, Anthony"]
[Black "Gülcan, Gamze Alara"]
[Result "1-0"]
[WhiteElo "1464"]
[BlackElo "786"]
[PlyCount "87"]
[EventDate "2020.02.21"]
[EventType "swiss"]
[EventRounds "5"]
[EventCountry "GER"]
[Tiebreak "Buchholz+Sum of Buchholz"]

1. c4 e5 2. g3 Nf6 3. Bg2 Bc5 4. Nc3 O-O 5. e4 Nc6 6. Nge2 d6 7. O-O Be6 8. d3
h6 9. h3 Nd4 10. a3 Bd7 11. Kh2 Ne8 12. f4 Qf6 13. f5 g6 14. Bxh6 Ng7 15. Nd5
Qd8 16. f6 Nde6 17. Qd2 Re8 18. Bxg7 Nxg7 19. Qh6 Ne6 20. h4 c6 21. b4 Bd4 22.
Nxd4 exd4 23. Nf4 Qxf6 24. Nh5 Qg7 25. Nxg7 Nxg7 26. Qf4 Be6 27. Bh3 Kf8 28.
Qxd6+ Re7 29. Bxe6 Nxe6 30. g4 Rd8 31. Qg3 Ke8 32. h5 gxh5 33. gxh5 Kd7 34. Rf2
Rh8 35. Qe5 Rf8 36. Rh1 Rg8 37. Rg2 Rxg2+ 38. Kxg2 Re8 39. h6 Rf8 40. h7 Nf4+
41. Qxf4 Rh8 42. Qxf7+ Kc8 43. Qg7 Rxh7 44. Rxh7 1-0

[Event "XI. Solinger Karnevals-Open"]
[Site "Solingen"]
[Date "2020.02.22"]
[Round "3.37"]
[White "Gülcan, Bartu Atilla"]
[Black "Suzuki, Juliano"]
[Result "0-1"]
[WhiteElo "1101"]
[BlackElo "1416"]
[PlyCount "84"]
[EventDate "2020.02.21"]
[EventType "swiss"]
[EventRounds "5"]
[EventCountry "GER"]
[Tiebreak "Buchholz+Sum of Buchholz"]

1. e4 e6 2. Nf3 d5 3. exd5 exd5 4. d4 Nf6 5. Nc3 Be7 6. Bg5 O-O 7. Be2 h6 8.
Bh4 Bf5 9. O-O Nbd7 10. Bd3 Bxd3 11. Qxd3 c6 12. Rfe1 Re8 13. Ne5 Nxe5 14. Rxe5
Nd7 15. Rxe7 Rxe7 16. Bxe7 Qxe7 17. Qe3 Re8 18. Re1 Kf8 19. Kf1 Nf6 20. h3 Qb4
21. Qc1 Rxe1+ 22. Kxe1 Ne4 23. a3 Qxd4 24. Nxe4 Qxe4+ 25. Kf1 f5 26. c3 g5 27.
f3 Qf4 28. Qxf4 gxf4 29. Ke2 Ke7 30. Kd3 c5 31. c4 d4 32. b4 b6 33. b5 Kf6 34.
Ke2 Kg5 35. Kf2 Kh4 36. a4 d3 37. g3+ fxg3+ 38. Kg2 d2 39. a5 d1=Q 40. a6 Qe2+
41. Kg1 Qf2+ 42. Kh1 Qh2# 0-1

[Event "XI. Solinger Karnevals-Open"]
[Site "Solingen"]
[Date "2020.02.23"]
[Round "4.1"]
[White "Huhndorf, Arnold"]
[Black "Popov, Mikhail"]
[Result "0-1"]
[WhiteElo "2219"]
[BlackElo "2421"]
[PlyCount "49"]
[EventDate "2020.02.21"]
[EventType "swiss"]
[EventRounds "5"]
[EventCountry "GER"]
[Tiebreak "Buchholz+Sum of Buchholz"]

1. d4 Nf6 2. c4 g6 3. Nc3 Bg7 4. e4 d6 5. Be2 O-O 6. Bg5 c5 7. d5 e6 8. Qd2 Qb6
9. Nf3 exd5 10. exd5 Bf5 11. Nh4 Ne4 12. Nxe4 Bxe4 13. f3 h6 14. Bxh6 Bxh6 15.
Qxh6 Qxb2 16. O-O Bc2 17. f4 Re8 18. Rae1 Qg7 19. Qg5 Nd7 20. f5 gxf5 21. Qh5
Nf6 22. Qf3 Ng4 23. Bd1 Rxe1 24. Rxe1 Qd4+ 25. Kh1 0-1

[Event "XI. Solinger Karnevals-Open"]
[Site "Solingen"]
[Date "2020.02.23"]
[Round "4.2"]
[White "Grabowski, Pawel"]
[Black "Paulus, Jeffrey"]
[Result "1-0"]
[WhiteElo "2305"]
[BlackElo "1904"]
[PlyCount "103"]
[EventDate "2020.02.21"]
[EventType "swiss"]
[EventRounds "5"]
[EventCountry "GER"]
[Tiebreak "Buchholz+Sum of Buchholz"]

1. Nf3 Nf6 2. d4 e6 3. c4 b6 4. g3 Ba6 5. Nbd2 c5 6. Bg2 Bb7 7. O-O Be7 8. Re1
cxd4 9. Nxd4 Bxg2 10. Kxg2 d5 11. Qa4+ Qd7 12. Qxd7+ Nbxd7 13. cxd5 Nxd5 14. e4
Nb4 15. a3 Bf6 16. axb4 Bxd4 17. Nc4 Ke7 18. Rd1 e5 19. Ra2 Rhc8 20. b3 f6 21.
f4 a5 22. bxa5 bxa5 23. Ba3+ Bc5 24. Rxd7+ Kxd7 25. Bxc5 Rxc5 26. Nb6+ Kc6 27.
Nxa8 Kb7 28. fxe5 Rxe5 29. Kf3 Rb5 30. Ra3 f5 31. exf5 Rxf5+ 32. Ke4 Rb5 33.
Kd3 Kxa8 34. b4 Rxb4 {(=)} 35. Rxa5+ Kb7 36. Ke3 Kc8 37. Rh5 h6 38. Ra5 Rb7 39.
Kf4 Rf7+ 40. Kg4 Kd7 41. Kh5 Rf2 42. h4 g5 43. hxg5 hxg5 44. Kxg5 Ke7 45. Re5+
Kf7 46. Rf5+ Rxf5+ 47. Kxf5 Kg7 48. Kg5 Kg8 49. Kg6 Kf8 50. g4 Kg8 51. g5 Kh8
52. Kf7 1-0

[Event "XI. Solinger Karnevals-Open"]
[Site "Solingen"]
[Date "2020.02.23"]
[Round "4.3"]
[White "Moser, Axel"]
[Black "Kushchan, Eduard"]
[Result "1/2-1/2"]
[WhiteElo "2137"]
[BlackElo "1945"]
[PlyCount "95"]
[EventDate "2020.02.21"]
[EventType "swiss"]
[EventRounds "5"]
[EventCountry "GER"]
[Tiebreak "Buchholz+Sum of Buchholz"]

1. d4 Nf6 2. c4 e6 3. Nf3 d5 4. Bg5 Be7 5. Nc3 O-O 6. e3 Nbd7 7. Qc2 c6 8. Rd1
Re8 9. a3 a5 10. cxd5 exd5 11. Bd3 Nf8 12. h3 Nh5 13. Bxe7 Qxe7 14. O-O g6 15.
Rfe1 Qf6 16. Ne5 Be6 17. Na4 Qh4 18. Nc5 Qe7 19. Rb1 Nd7 20. Nexd7 Bxd7 21. b4
axb4 22. axb4 b6 23. Nxd7 Qxd7 24. b5 Rec8 25. bxc6 Rxc6 26. Qb3 Qd6 27. Ra1
Rac8 28. Ba6 Rc3 29. Qb5 Rb8 30. Qb2 Rc7 31. Rec1 Nf6 32. Rxc7 Qxc7 33. Rc1 Qa7
34. Bb5 Qe7 35. Rc6 Kg7 36. Qb3 Qa7 37. g3 h6 38. Kg2 Qe7 39. Bd3 Qd7 40. Bb5
Qe7 41. Be2 Qb7 42. Qb5 Qa7 43. Bf3 Qd7 44. Be2 Qd8 45. Qb4 Ne4 46. Bd3 Nf6 47.
Bb5 Rc8 48. Qc3 1/2-1/2

[Event "XI. Solinger Karnevals-Open"]
[Site "Solingen"]
[Date "2020.02.23"]
[Round "4.4"]
[White "Pauls, Wilhelm"]
[Black "Naundorf, Maik"]
[Result "0-1"]
[WhiteElo "1992"]
[BlackElo "2134"]
[PlyCount "70"]
[EventDate "2020.02.21"]
[EventType "swiss"]
[EventRounds "5"]
[EventCountry "GER"]
[Tiebreak "Buchholz+Sum of Buchholz"]

1. e4 c5 2. Nf3 e6 3. d4 cxd4 4. Nxd4 Nf6 5. Nc3 Nc6 6. g3 Bb4 7. Bg2 O-O 8.
O-O d6 9. Be3 a6 10. Na4 Bd7 11. Nb3 b5 12. Nb6 Rb8 13. a3 Bc5 14. Nxc5 dxc5
15. Nxd7 Nxd7 16. Qd6 Nd4 17. Bxd4 Rb6 18. Bxc5 Rxd6 19. Bxd6 Re8 20. e5 Qb6
21. a4 bxa4 22. Rxa4 Rc8 23. Rb4 Qa5 24. Rb7 Qd8 25. c4 Rxc4 26. Rd1 Qc8 27.
Bf3 h6 28. Ra7 Rc1 29. Rxc1 Qxc1+ 30. Kg2 Nb6 31. Rxa6 Qxb2 32. Be7 Qb5 33. Bb7
Nd5 34. Ra8+ Kh7 35. Bxd5 Qxd5+ 0-1

[Event "XI. Solinger Karnevals-Open"]
[Site "Solingen"]
[Date "2020.02.23"]
[Round "4.5"]
[White "Gramb, Marius"]
[Black "Esser, Thomas"]
[Result "1/2-1/2"]
[WhiteElo "2125"]
[BlackElo "2045"]
[PlyCount "134"]
[EventDate "2020.02.21"]
[EventType "swiss"]
[EventRounds "5"]
[EventCountry "GER"]
[Tiebreak "Buchholz+Sum of Buchholz"]

1. e4 c5 2. c3 Nf6 3. e5 Nd5 4. Nf3 Nc6 5. Bc4 e6 6. O-O d6 7. d4 cxd4 8. cxd4
Be7 9. Qe2 O-O 10. Rd1 Na5 11. Bxd5 exd5 12. Nc3 Be6 13. Bf4 a6 14. exd6 Bxd6
15. Bxd6 Qxd6 16. Na4 Rfe8 17. Qd3 Bd7 18. Nc5 Bb5 19. Qc3 b6 20. Nd3 Bxd3 21.
Qxd3 Nc4 22. Rab1 Qg6 23. Qxg6 hxg6 24. b3 Nd6 25. Ne5 Nb5 26. Rbc1 Nxd4 27.
Rxd4 Rxe5 28. f4 Re2 29. Rxd5 Rxa2 30. Rcd1 Re8 31. R1d2 Rxd2 32. Rxd2 Re3 33.
Rb2 Re4 34. g3 Rb4 35. Ra2 a5 36. Ra3 Kf8 37. Kf2 Ke7 38. Ke3 Kd6 39. Kd3 Kc5
40. Kc3 Re4 41. Kd3 Re1 42. Ra4 Rh1 43. Rc4+ Kb5 44. Rc7 Rxh2 45. g4 Rh3+ 46.
Kc2 Rg3 47. Rxf7 Rxg4 48. Kc3 Rg3+ 49. Kc2 Kb4 50. Rxg7 Rg2+ 51. Kd3 b5 52. f5
Kxb3 53. Rxg6 Rf2 54. Rg3 a4 55. Ke3 Rc2 56. Kd4+ Kb2 57. f6 b4 58. f7 Rf2 59.
Rg2 Rxg2 60. f8=Q b3 61. Kc4 Ka2 62. Qf3 b2 63. Qxg2 Ka1 64. Qg7 Ka2 65. Qg2
Ka1 66. Qg7 Ka2 67. Qg2 Ka1 1/2-1/2

[Event "XI. Solinger Karnevals-Open"]
[Site "Solingen"]
[Date "2020.02.23"]
[Round "4.6"]
[White "Müller, Adrian"]
[Black "Marcziter, Dmitrii"]
[Result "1-0"]
[WhiteElo "1953"]
[BlackElo "2274"]
[PlyCount "57"]
[EventDate "2020.02.21"]
[EventType "swiss"]
[EventRounds "5"]
[EventCountry "GER"]
[Tiebreak "Buchholz+Sum of Buchholz"]

1. e4 e5 2. Nf3 Nc6 3. Bb5 a6 4. Ba4 d6 5. c3 Bd7 6. O-O Nge7 7. d4 h6 8. Re1
g6 9. Be3 Bg7 10. Nbd2 O-O 11. Bb3 Kh8 12. a4 b5 13. axb5 axb5 14. Rxa8 Qxa8
15. dxe5 dxe5 16. Bc5 Qe8 17. Qa1 f5 18. exf5 gxf5 19. Qa3 Bf6 20. Nxe5 Nxe5
21. Rxe5 Bxe5 22. Bxe7 Bd6 23. Bxd6 cxd6 24. Qxd6 Kg7 25. Nf3 Rf6 26. Qd4 Qe5
27. Qxd7+ Kg6 28. h4 h5 29. Bg8 1-0

[Event "XI. Solinger Karnevals-Open"]
[Site "Solingen"]
[Date "2020.02.23"]
[Round "4.7"]
[White "Boschek, Hans-Joachim"]
[Black "Neumair, Jerome"]
[Result "0-1"]
[WhiteElo "1938"]
[BlackElo "2151"]
[PlyCount "88"]
[EventDate "2020.02.21"]
[EventType "swiss"]
[EventRounds "5"]
[EventCountry "GER"]
[Tiebreak "Buchholz+Sum of Buchholz"]

1. c4 Nf6 2. Nf3 e6 3. Nc3 d5 4. e3 Be7 5. b3 b6 6. Bb2 Bb7 7. d4 O-O 8. Be2
dxc4 9. bxc4 c5 10. O-O cxd4 11. exd4 Nbd7 12. Qa4 Ne4 13. Rfd1 Nxc3 14. Bxc3
Qc7 15. Rac1 Rfd8 16. Qb5 Rac8 17. Qh5 Be4 18. Bb2 Bf5 19. d5 Nf6 20. Bxf6 Bxf6
21. dxe6 Bxe6 22. Ng5 Bf5 23. Nf3 g6 24. Qh6 Bg7 25. Rxd8+ Rxd8 26. Qe3 Qc5 27.
Qxc5 bxc5 28. Nh4 Bb2 29. Rd1 Rxd1+ 30. Bxd1 Bd3 31. Bb3 Kg7 32. g3 Kf6 33. Ng2
Ke5 34. Nf4 Be4 35. h4 h5 36. Kf1 Kd4 37. Ke2 Bc1 38. Nh3 Bh6 39. Ng1 Bd3+ 40.
Kf3 Be4+ 41. Ke2 Kc3 42. Nf3 Bd3+ 43. Kd1 f6 44. Ne1 Bxc4 0-1

[Event "XI. Solinger Karnevals-Open"]
[Site "Solingen"]
[Date "2020.02.23"]
[Round "4.8"]
[White "Höfer, Severin Paul"]
[Black "Gallasch, Jonas"]
[Result "1/2-1/2"]
[WhiteElo "1929"]
[BlackElo "2076"]
[PlyCount "81"]
[EventDate "2020.02.21"]
[EventType "swiss"]
[EventRounds "5"]
[EventCountry "GER"]
[Tiebreak "Buchholz+Sum of Buchholz"]

1. Nf3 c5 2. b3 Nc6 3. Bb2 d5 4. e3 a6 5. d4 Nf6 6. c4 Bg4 7. dxc5 e6 8. cxd5
exd5 9. Bd4 Ne4 10. Nc3 Nxc3 11. Bxc3 Bxc5 12. Be2 O-O 13. O-O Re8 14. Rc1 Qb6
15. Qxd5 Bxe3 16. fxe3 Qxe3+ 17. Kh1 Rad8 18. Qg5 Qxg5 19. Nxg5 Rxe2 20. Rxf7
Re7 21. Rxe7 Nxe7 22. h3 Rd1+ 23. Rxd1 Bxd1 24. Ne6 Nd5 25. Bd2 b6 26. Nf4 Nxf4
27. Bxf4 Kf7 28. Kg1 Ke6 29. Bc7 b5 30. Kf2 Kd5 31. Ke3 Bc2 32. Bb6 g6 33. Kd2
Bf5 34. Kc3 Kc6 35. Bd8 h5 36. h4 Bb1 37. a4 Be4 38. g3 Bd5 39. Kb4 bxa4 40.
bxa4 Bg2 41. a5 1/2-1/2

[Event "XI. Solinger Karnevals-Open"]
[Site "Solingen"]
[Date "2020.02.23"]
[Round "4.9"]
[White "Flesch, Stefan"]
[Black "Martino-Groß, Peter"]
[Result "1/2-1/2"]
[WhiteElo "2046"]
[BlackElo "1923"]
[PlyCount "49"]
[EventDate "2020.02.21"]
[EventType "swiss"]
[EventRounds "5"]
[EventCountry "GER"]
[Tiebreak "Buchholz+Sum of Buchholz"]

1. d4 Nf6 2. c4 g6 3. Nc3 d5 4. e3 Bg7 5. Qb3 dxc4 6. Bxc4 O-O 7. Nf3 Nc6 8.
Be2 b6 9. O-O Bb7 10. Rd1 e6 11. e4 Qe7 12. Be3 h6 13. h3 Na5 14. Qc2 Qb4 15.
Nd2 Rac8 16. a3 Qe7 17. b4 Nc6 18. e5 Nd7 19. Bf3 Nd8 20. Bxb7 Nxb7 21. Rab1 a6
22. Nde4 f5 23. exf6 Nxf6 24. Ng3 Kh7 25. Qe2 1/2-1/2